| 000 | 00528nam a22001937a 4500 | ||
|---|---|---|---|
| 001 | BT-PhCST | ||
| 003 | BT-PhCST | ||
| 005 | 20190204172116.0 | ||
| 008 | 160602b xxu||||| |||| 00| 0 eng d | ||
| 020 | _a9789993615064 | ||
| 040 |
_aBT-PhCST _cBT-PhCST _dBT-PhCST |
||
| 050 | _aD3821-D3828 | ||
| 082 |
_222 _a495.4 |
||
| 100 | _aNA | ||
| 245 | _aThe book on alphabetical, name of countries and its capital / | ||
| 260 |
_aThimphu, _bDzongkha Development Commession, _cc2011. |
||
| 300 |
_a23p. ; _c21 cm. |
||
| 942 |
_2ddc _cDZ |
||
| 999 |
_c6409 _d6409 |
||